| 000 | 01514cam a2200301 a 4500 | ||
|---|---|---|---|
| 003 | OSt | ||
| 005 | 20250410132803.0 | ||
| 008 | 130318r20132012ck r 000 f spa d | ||
| 015 | _aSSS | ||
| 020 | _a9584233777 | ||
| 020 | _a9789584233776 | ||
| 040 |
_aCO-BoPUJ _cCO-JMCR |
||
| 041 | 0 | _aspa | |
| 082 | 0 | 4 |
_aA-N _bBECm _223 |
| 100 | 1 |
_aBecerra, Ángela _eautora _924 |
|
| 245 | 1 | 0 |
_aMemorias de un sinvergüenza de siete suelas / _cÁngela Becerra |
| 260 |
_aBogotá ; _aBarcelona, España : _bEditorial Planeta, _c2013. |
||
| 300 |
_a459 páginas ; _c24 cm. |
||
| 490 | 0 | _aAutores españoles e iberoamericanos | |
| 520 | 1 | _aSevilla se paraliza cuando Francisco Valiente, un Casanova del siglo XXI, muere de forma extraña. Su funeral reúne a quienes lo odiaron y amaron, que desfilarán ante su cuerpo para pedirle cuentas o rendirle honores mientras él, su mujer y su eterna amante desgranan los detalles de sus vidas. Una inmensa historia de amor en un triángulo donde los sueños, la pasión, el odio y el erotismo son llevados al límite. El adulterio y la frustración, los engaños y las dobles vidas, los egos y los miedos, el triunfo y el fracaso, narrados con franqueza, ironía y un desbordante sentido del humor. | |
| 650 | 1 | 4 |
_aNovela colombiana _911679 |
| 650 | 2 | 4 |
_aNovela amorosa colombiana _911680 |
| 650 | 2 | 4 |
_aLiteratura colombiana _911681 |
| 650 | 2 | 4 |
_aAmor en la literatura _9634 |
| 650 | 2 | 4 |
_aInfidelidad _vNovela _911682 |
| 650 | 2 | 4 |
_aAdulterio _vNovela _911683 |
| 942 |
_2ddc _cBK |
||
| 999 |
_c6936 _d6936 |
||